00389nam a2200133Ia 450000500170000000800410001702000180005808200130007610000150008924500440010426000470014830000120019550000480020720250620020322.0240331s9999 xx 000 0 und d a9789551772253 bUYAa323 aUyangoda,J 0aLankawe deshapalana wenasweem 2007-2008 aColombobScience Society Associationc2008 a61 p ., aSri Lanka's Political Change's 2007 - 2008